00898nam a2200241 a 450000100100000000500170001000800410002704000250006804100380009308200150013110000380014624000440018424500910022826000350031930000210035449000210037553400540039670000370045083000300048704900090051795201130052699900170063900002566320200930023944.0110216s1971 sp r 000 |aspa d aDO-SdBNPbspacBNPHU aspaheng2Código de idioma MARC axxxbR692D1 aRodis-Lewis, Geneviève ,95240610aDescartes et le rationalismelEspañol10aDescartes y el racionalismo /cGeneviève Rodis-Lewis; traducción Francese Domingo. aBarcelona :bOikos-Tau,c1971. a124 p. ;c18 cm.1 aQue sais-je?v58 aTítulo original :tDescartes et le rationalisme1 aDomingo , Francese ,etr.952407 0aQue sais-je? ,v58952408 aBNGR 001050718MOaGRbGRcCTd2011-02-18iLF1l0oxxx R692Dp25663-10r2020-06-25w2020-06-25y1ZNo se presta c25155d25155